<The> Impact of United States Monetary Policy Uncertainty on the Gulf Cooperation Council Stock Markets

Použitie neštrukturálneho VAR testu na skúmanie vplyvu neistoty menovej politiky USA na štáty v Perzskom zálive v rokoch 2013-2017. Rôznorodosť dopadov ekonomiky USA na štáty v oblasti a ozrejmenie problematiky politikom, investorom a manažérom.

Na minha lista:
Detalhes bibliográficos
Autor principal: Alqahtani, Abdullah Saeed S
Outros Autores: Ouyang, Hongbing, Shayem, Saleh
Formato: Capítulo de Livro
Idioma:inglês
Assuntos:
Tags: Adicionar Tag
Sem tags, seja o primeiro a adicionar uma tag!

MARC

LEADER 00000naa a2200000 4500
001 0255999
005 20221104111632.0
041 0 |a eng 
044 |a UA 
245 1 0 |a <The> Impact of United States Monetary Policy Uncertainty on the Gulf Cooperation Council Stock Markets  |c Abdullah Saeed S Alqahtani, Hongbing Ouyang, Saleh Shayem 
520 |a Použitie neštrukturálneho VAR testu na skúmanie vplyvu neistoty menovej politiky USA na štáty v Perzskom zálive v rokoch 2013-2017. Rôznorodosť dopadov ekonomiky USA na štáty v oblasti a ozrejmenie problematiky politikom, investorom a manažérom. 
610 2 0 |a USA 
610 2 0 |a politika menová 
610 2 0 |a trhy 
610 2 0 |a akcie 
610 2 0 |a Bahrajn 
610 2 0 |a Kuvajt 
100 1 |a Alqahtani, Abdullah Saeed S 
700 1 |a Ouyang, Hongbing 
700 1 |a Shayem, Saleh